00590cam a2200205 a 4500001001300000003000400013005001700017008004100034010001700075035002000092040001800112050002300130100004100153245007000194250001900264260005100283300002000334546001300354999001700367sa 65001737 DLC20260227112111.0890825s1962 pk 000 p urdo  asa 65001737  a(OCoLC)20258332 aDLCcDLCdDLC00aPK2200.J5bN3 19620 aJīlānī Kāmrān,d1926-2003.10aNaqsh kaf-i pā :bek lambī naẓm /cJīlānī Kāmrān. a1. ishāʻat. aLāhaur :bMaktabah-yi Adab-i Jadīd,c1962. a49 p. ;c22 cm. aIn Urdu. c62194d62194